000
00321 a2200109 4500
001
ART_18901
005
20260410161704.0
008
260409a
245
1
0
_a
Las sementeres en el impuesto a las ganancias
100
1
_a
Colaneri, Horacio A.
773
0
_t
Revista Impuestos
_g
- NÂș 3 (feb. 2010)
_w
REV639
999
_c
15441
_d
15441